| 000 | 01410nam a2200241Ia 4500 | ||
|---|---|---|---|
| 001 | 10436 | ||
| 003 | GE_BSU | ||
| 008 | 181216s||||||||xx |||||||||||||| ||und|| | ||
| 010 | _a9992895233 | ||
| 020 | _a821.353.1-3+821.353.1-31+821.353.1-32 | ||
| 040 | _cGE_BSU | ||
| 100 | _aგამსახურდია,კონსტანტინე | ||
| 245 | _aქართული პროზაწ.35: დიონისოს ღიმილი;ლანდებთან ლაციცი;ნოველები | ||
| 245 | _bწ.35:დიონისოს ღიმილი;ლანდებთან ლაციცი;ნოველები | ||
| 245 | _cსარედ.კოლ:გრ.აბაშიძე და სხვ.შეადგინა მანანა არჩვაძე-გამსახურდიამ;რედ:რუსუდან სირაძე,ნინო სარჯველაძე;მხატვ:გიორგი ავსაჯანიშვილი,დავით დუნდუა. | ||
| 260 | _aთბილისი | ||
| 260 | _bსაქართველო-3 | ||
| 260 | _c2003 | ||
| 300 | _a624გვ;20სმ. | ||
| 541 | _h12ლ. | ||
| 653 | _aქართული პროზა:წ.35:დიონისოს ღიმილი;ლანდებთან ლაციცი;ნოველები. | ||
| 942 | _cBK | ||
| 999 |
_c43696 _d43696 |
||